000 00346nam a2200133Ia 4500
005 20260328104310.0
008 260328s9999||||xx |||||||||||||| ||und||
100 _aLerner, Jaime
245 0 _aUrban acupuncture :
_b celebrating pinpricks of Change /
_cJaime Lerner
260 _bIsland
300 _a143 p.
650 _aURBANISMO
942 _cBK
999 _c10910
_d10910